000 01146nam a22003017a 4500
001 03601
003 HDC
007 cr bn ---aaaaa
008 210111t2016 flu||||| |||| 00| 0 eng
020 _a1-56670-563-0
040 _aHDC
100 _aAhuja, Lajpat R.
_eauthor
_93110
245 0 _aAgricultural System Models In Field Research And Technology Transfer. Chapter 14 :
_bParameterization of Agricultural System Models: Current Approaches and Future Needs / by
_cLajpat R. Ahuja and Liwang Ma
260 _a Boca Raton, Florida:
_bCRC Press,
_c2016
300 _a44 pages
336 _atext
_2rdacontent
337 _acomputer
_2rdamedia
338 _aonline resource
_2rdacarrier
500 _aIncludes bibliographical references
650 _aAgricultural System Models
_93194
650 _aAgricultural System
_93107
650 _aParameterization
_93193
700 _aLiwang, Ma
_eauthor
_93111
856 _zRequest full-text at [email protected]
942 _2lcc
942 _cCHAP
942 _kEBCH 001633
999 _c937
_d937